| 000 | 00399nam a2200145Ia 4500 | ||
|---|---|---|---|
| 008 | 151213s9999 xx 000 0 und d | ||
| 100 | _aEdith Hemilton | ||
| 245 |
_aMythology : Timeless. Tales of Gods of Heroes _cEdith Hemilton |
||
| 260 |
_aNew York _bA Mentor Book _c1942 |
||
| 300 | _a3547 p. | ||
| 650 | _aEnglish Literature | ||
| 650 | _aLiterature | ||
| 700 | _aEdith Hemilton | ||
| 999 |
_c2351 _d2351 |
||